000 00781nam a22002531 4500
001 26619
003 BD-RjUL
005 20211209051037.0
008 140323s1964 pk bh b 001 0 eng
035 _a(BD-RjUL)26689
035 _a(OCoLC)5620718
040 _aDLC
_cUU
_dDLC
_dBD-RjUL
_beng
041 _aeng
082 0 0 _a070.9457
_bKHJ 1964
100 1 _aKhurshid, Abdus Salam,
_d1919-1995.
_981824
245 1 0 _aJournalism in Pakistan :
_bfirst phase, 1845 to 1857/
_cSir Abdus Salam Khurshid.
260 _aLahore :
_bPublishers United,
_c1964.
300 _a122 p. :
_bfacsims., maps. ;
_c23 cm.
504 _aBibliography: p. [111]-112 and index.
650 0 _aNewspapers
_zPakistan
_xHistory.
_981825
942 _2ddc
_cBK
999 _c26619
_d26619